|
|
|
|
| LEADER |
00000nas a2200000 a 4500 |
| 001 |
ssj0012609 |
| 003 |
WaSeSS |
| 005 |
20200512172242.0 |
| 006 |
m d |
| 007 |
cr n |
| 008 |
050614d19952007nyutr pss 0 0eng c |
| 010 |
|
|
|a 2009247626
|
| 022 |
|
|
|y 1526-8233
|
| 035 |
|
|
|a (WaSeSS)ssj0012609
|
| 040 |
|
|
|a OCLCS
|b eng
|c OCLCS
|d TXJ
|d BUF
|d OCLCE
|d OCLCQ
|d OCLCF
|d OCLCQ
|d UAB
|d Z5A
|d OCLCO
|d XFH
|d OCLCO
|d OCLCQ
|d TOF
|d WaSeSS
|
| 042 |
|
|
|a pcc
|
| 050 |
1 |
4 |
|a RA418.5.T73
|b J68
|
| 060 |
0 |
0 |
|a W1
|b JO775N
|
| 082 |
1 |
4 |
|a 610
|2 13
|
| 130 |
0 |
|
|a Journal of multicultural nursing & health (Online)
|
| 245 |
1 |
4 |
|a The journal of multicultural nursing & health
|h [electronic resource] :
|b official journal of the Center for the Study of Multiculturalism and Health Care, Inc.
|
| 246 |
3 |
|
|a Journal of multicultural nursing and health
|
| 246 |
1 |
3 |
|a MCNH
|
| 260 |
|
|
|a Chautauqua, NY :
|b Riley Publications
|
| 310 |
|
|
|a Three times a year,
|b <fall 1997->
|
| 321 |
|
|
|a Quarterly,
|b 1995-
|
| 362 |
1 |
|
|a Print began with v. 1, no. 3 (winter 1995); ceased with v. 13, no. 1 (winter/spring 2007).
|
| 506 |
|
|
|a License restrictions may limit access.
|
| 538 |
|
|
|a Mode of access: World Wide Web.
|
| 588 |
|
|
|a Description based on print version record.
|
| 588 |
|
|
|a Latest issue consulted: Vol. 13, no. 1 (winter/spring 2007) (EBSCOhost, viewed Apr. 3, 2009).
|
| 650 |
|
0 |
|a Medical care
|v Cross-cultural studies
|v Periodicals.
|
| 650 |
|
0 |
|a Nursing
|v Cross-cultural studies
|v Periodicals.
|
| 650 |
|
0 |
|a Ethnic groups
|x Medical care
|v Periodicals.
|
| 650 |
|
6 |
|a Soins infirmiers transculturels
|v Périodiques.
|
| 650 |
|
7 |
|a Ethnic groups
|x Medical care.
|2 fast
|0 (OCoLC)fst00915971
|
| 650 |
|
7 |
|a Medical care.
|2 fast
|0 (OCoLC)fst01013753
|
| 650 |
|
7 |
|a Nursing.
|2 fast
|0 (OCoLC)fst01041731
|
| 650 |
|
2 |
|a Cross-Cultural Comparison
|v Periodicals.
|
| 650 |
|
2 |
|a Cultural Characteristics
|v Periodicals.
|
| 650 |
|
2 |
|a Delivery of Health Care
|v Periodicals.
|
| 650 |
|
2 |
|a Transcultural Nursing
|v Periodicals.
|
| 655 |
|
0 |
|a Electronic journals.
|
| 710 |
2 |
|
|a Center for the Study of Multiculturalism and Health Care.
|
| 776 |
0 |
8 |
|i Print version:
|t Journal of multicultural nursing & health
|x 1526-8233
|w (DLC)sn 95038941
|w (OCoLC)33260033
|
| 780 |
0 |
0 |
|t Journal of multicultural nursing
|
| 856 |
4 |
0 |
|z Full text available from Research Library: 10/01/1998 to 04/30/2007
|u https://search.proquest.com/publication/32370
|